| 000 | 00438nam a22001817a 4500 | ||
|---|---|---|---|
| 003 | OSt | ||
| 008 | 250804b |||||||| |||| 00| 0 eng d | ||
| 020 | _a9789353590772 | ||
| 082 |
_a630.76 _bY12T |
||
| 100 | _aYadav, R. P. | ||
| 245 | _aTreasure of Agriculture | ||
| 260 |
_aLudhiana _bKalyani Pub. _c2019 |
||
| 300 | _a364p | ||
| 700 | _aDhansil, Atul | ||
| 700 | _aReddy S. Yugender | ||
| 700 | _aYadav, K. L. | ||
| 942 |
_2ddc _cBK _02 |
||
| 999 |
_c48665 _d48665 |
||